LEADER 01454nam a2200313 u 4500 001 000000079551 003 CaOOAMICUS 005 20070226123542.0 008 040607s2003 it u000 u ita u 020 $a8834311027 035 $a10998056 040 $aPUL$bita 100 1 $aBestagno, Francesco.$0(OLS)http://pul/name/52980 245 10$aDiritti umani e impunitą :$bobblighi positivi degli stati in materia penale /$cFrancesco Bestagno. 260 $aMilano :$bVita e pensiero,$cc2003. 300 $a298 p. ;$c22 cm 490 1 $aCollana dell'alta scuola di Economia e Relazioni Internazionali ;$v4 504 $a"Bibliografia": p. [275]-291. 650 4$aDiritti umani.$0(OLS)http://pul/subject/3219 650 4$aStato.$0(OLS)http://pul/subject/3401 650 4$aRelazioni internazionali.$0(OLS)http://pul/subject/27045 830 0$aCollana dell'alta scuola di Economia e Relazioni Internazionali ;$v4.$0(OLS)http://pul/title/104179 850 $aPUL 852 $aPUL$W1$xSL Diritto e Scienze Sociali 3$y79$m341. 481 BESFR 1$j101776$nBK-PRI$b $qDDC 21$B101776$CPULBib$Z2$F101776 $HPUL94860 $81 941 1 $a9 960 $aDiritti dell'uomo$93219 996 $6020$a8834311027$9(OLS)http://pul/number/104664 996 $6245$aDiritti umani e impunitą :$bobblighi positivi degli stati in materia penale$9(OLS)http://pul/title/104178 996 $6260$aMilano :$bVita e pensiero$9(OLS)http://pul/publisher/48016 LEADER 01794nam a2200313 a 4500 001 000000122081 003 CaOOAMICUS 005 20100603124613.0 008 100603t2005 it u000 u ita r 020 $a88-348-4323-1 040 $aPUL$bita$dReb 110 2 $aUniversitą di Torino$bAtti del Convegno in memoria di Arturo Carlo Jemolo$c(Torino :$d2001).$0(OLS)http://pul/name/76531 245 13$aLa lezione di un maestro :$batti del convegno in memoria di Arturo Carlo Jemolo. Torino, 8 giugno 2001 /$ca cura di Rinaldo Bertolino e Ilaria Zuanazzi. 260 $aTorino :$bG. Giappichelli,$c©2005. 300 $a174 p. ;$c23 cm. 490 1 $aCollana di studi di diritto canonico ed ecclesiastico.$aSezione ecclesiasticistica ;$v24 504 $aInclude riferimenti bibliografici ed indice. 600 14$aJemolo, Arturo Carlo,$d1891-1981.$0(OLS)http://pul/subject/14140 700 1 $aZuanazzi, Ilaria,$d1962-$0(OLS)http://pul/name/59755 700 1 $aBertolino, Rinaldo.$0(OLS)http://pul/name/11667 830 0$aCollana di studi di diritto canonico ed ecclesiastico.$pSezione ecclesiasticistica ;$v24.$0(OLS)http://pul/title/18702 850 $aPUL 852 $aPUL$W1$xSL Diritto Canonico 3$y77$m262. 99 CAN.7 1.2.24$j140131$qDDC 21$B139298$CPULBib$Z2$F139298 $H113879 $82 852 $aPUL$W1$xDP1 Fondo G. Barberini$y122$m3 C 57.24$j176493$b2 copia$qFondi$B178979$CPULBib$Z2$F178979 $HBar1625 $82 941 1 $a9 941 1 $a1 996 $6020$a88-348-4323-1$9(OLS)http://pul/number/144451 996 $6245$aLa lezione di un maestro :$batti del convegno in memoria di Arturo Carlo Jemolo. Torino, 8 giugno 2001$9(OLS)http://pul/title/153629 996 $6260$aTorino :$bG. Giappichelli$9(OLS)http://pul/publisher/49130